Электросварка: справочник

Bibliographic Details
Main Author: Лихачев В. Л. Владимир Леонидович
Summary:Книга "Электросварка. Справочник" охватывает практически все аспекты электродуговой сварки плавлением, подробнее - вопросы ручной дуговой сварки. В книге приводятся подробные характеристики более 400 сварочных электродов отечественного и зарубежного производства. Приведена таблица соответствия электродов ESAB отечественным электродам. По всем электродам приведены рекомендации по области применения, режимам сварки и свойства сварного шва. Примененная система объединения в группы, а также классификация по американскому (AWS), международному (ISO), немецкому (DIN) и европейскому (EN) стандартам упрощает выбор и использование широкой гаммы представленных электродов. В данном справочнике дается подробная расшифровка обозначения электрода по ГОСТ, AMS, ISO, DIN, EN. Большое внимание в книге уделяется сварочному оборудованию. Приведено описание и даны технические характеристики около 80 источников сварочного тока. Описаны устройства стабилизации горения сварочной дуги и устройства снижения напряжения холостого хода источника сварочного тока. Приведен расчет необходимого количества электродов для сварки конструкции и расчет температуры предварительного подогрева. Описаны приемы и методы ручной дуговой сварки. Приведены специальные виды ручной электросварки.
Language:Russian
Published: Москва, СОЛОН-Пресс, 2004
Series:Ремонт
Subjects:
Format: Book
KOHA link:https://koha.lib.tpu.ru/cgi-bin/koha/opac-detail.pl?biblionumber=73207

MARC

LEADER 00000nam0a2200000 4500
001 73207
005 20231101212707.0
010 |a 5980031014 
035 |a (RuTPU)RU\TPU\book\78101 
090 |a 73207 
100 |a 20050211d2004 km y0rusy50 ca 
101 0 |a rus 
102 |a RU 
105 |a a g 001zy 
200 1 |a Электросварка  |e справочник  |f В. Л. Лихачев 
210 |a Москва  |c СОЛОН-Пресс  |d 2004 
215 |a 669 с.  |c ил. 
225 1 |a Ремонт  |h Вып. 73 
320 |a Библиогр.: с. 657. 
330 |a Книга "Электросварка. Справочник" охватывает практически все аспекты электродуговой сварки плавлением, подробнее - вопросы ручной дуговой сварки. В книге приводятся подробные характеристики более 400 сварочных электродов отечественного и зарубежного производства. Приведена таблица соответствия электродов ESAB отечественным электродам. По всем электродам приведены рекомендации по области применения, режимам сварки и свойства сварного шва. Примененная система объединения в группы, а также классификация по американскому (AWS), международному (ISO), немецкому (DIN) и европейскому (EN) стандартам упрощает выбор и использование широкой гаммы представленных электродов. В данном справочнике дается подробная расшифровка обозначения электрода по ГОСТ, AMS, ISO, DIN, EN. Большое внимание в книге уделяется сварочному оборудованию. Приведено описание и даны технические характеристики около 80 источников сварочного тока. Описаны устройства стабилизации горения сварочной дуги и устройства снижения напряжения холостого хода источника сварочного тока. Приведен расчет необходимого количества электродов для сварки конструкции и расчет температуры предварительного подогрева. Описаны приемы и методы ручной дуговой сварки. Приведены специальные виды ручной электросварки. 
606 1 |a Электросварка  |2 stltpush  |3 (RuTPU)RU\TPU\subj\72796  |9 86190 
610 1 |a электрическая сварка 
610 1 |a история 
610 1 |a виды 
610 1 |a электродуговая сварка 
610 1 |a сварочная дуга 
610 1 |a процессы 
610 1 |a сварные соединения 
610 1 |a сварные швы 
610 1 |a классификация 
610 1 |a дуговая сварка 
610 1 |a дефекты 
610 1 |a качество 
610 1 |a неразрушающий контроль 
610 1 |a напряжения 
610 1 |a деформация 
610 1 |a электроды 
610 1 |a Россия 
610 1 |a Швеция 
610 1 |a Швейцария 
610 1 |a Польша 
610 1 |a сварочный ток 
610 1 |a источники 
610 1 |a сварочные выпрямители 
610 1 |a питание 
610 1 |a сварочные инверторы 
610 1 |a сварочные генераторы 
610 1 |a охрана труда 
610 1 |a безопасность 
610 1 |a вредные факторы 
610 1 |a рабочие места 
610 1 |a защитные маски 
610 1 |a справочники 
610 1 |a электропитание 
610 1 |a резонансные источники 
675 |a 621.791.7(035)  |v 3 
700 1 |a Лихачев  |b В. Л.  |g Владимир Леонидович 
801 1 |a RU  |b 63413507  |c 20050211  |g PSBO 
801 2 |a RU  |b 63413507  |c 20160812  |g PSBO 
942 |c BK 
959 |a 11/20050209  |d 5  |e 363  |f ЧЗТЛ:2  |f НФ:3